| 000 | 00392nam a2200181Ia 4500 | ||
|---|---|---|---|
| 005 | 20250425160754.0 | ||
| 008 | 250425s9999 xx 000 0 und d | ||
| 041 | _aspa | ||
| 082 | _a574.87 | ||
| 100 | _aBRASILE, RENATO | ||
| 245 | 0 | _aA VIDA DA CELULA | |
| 250 | _a1A ED. | ||
| 260 |
_aEstados Unidos _bOEA _c1968 |
||
| 260 | _aS.L. | ||
| 300 | _a97 | ||
| 942 | _c01 | ||
| 010 | _a4892 | ||
| 999 |
_c195839 _d195839 |
||